000 01209nam a22003377a 4500
005 20220817043243.0
008 971013s1991 r 10010 d
010 _a69699
011 _a70671
035 _a80187
082 _a636.2
_bF57 (1989)
111 0 0 _aInternational Symposium on Ruminant Physiology (
_n7
_d: 1989
_c: Sendai, Japan)
_959996
245 _aPhysiological aspects of digestion and metabolism in ruminant physiology
260 _aSan Diego, Ca. :
_bAcademic Press,
_c1991
300 _a779 p
590 _aBATCH-UPD
_b10
_c20130110
_lUCH01
_h0433
590 _aBATCH-UPD
_b10
_c20130110
_lUCH01
_h2147
590 _aBATCH-UPD
_b10
_c20130410
_lUCH01
_h0109
590 _aBATCH-UPD
_b10
_c20130410
_lUCH01
_h1558
590 _aBATCH-UPD
_b10
_c20130914
_lUCH01
_h1602
590 _aCONVERSION
_b10
_c20130109
_lUCH01
_h1338
650 1 4 _aDigestión.
_932567
650 1 4 _aMetabolismo en rumiantes.
_975155
650 1 4 _aRumiantes
_xAlimentación.
650 1 4 _aRumiantes
_xAnatomía y fisiología.
_9100843
700 0 _aKamashima, R.
_962645
700 0 _aSasaki, Y.
_9102680
700 0 _aTsuda, T.
_9115457
901 _aBK
949 _a636.2 F57 (1989)
_bZ
_cLIBRO
_d-33087
_eLIBRO
_h1537
_i80187
_si
999 _c69699
_d69699